| 000 | 00787 a2200205 4500 | ||
|---|---|---|---|
| 008 | 080822t xxu||||| |||| 00| 0 eng d | ||
| 010 | _aENG-85077 | ||
| 020 |
_a8183241824 _c295.00 |
||
| 035 | _aEN-68610 | ||
| 037 | _bD.B.Act / Pub | ||
| 082 | _a302.2345 | ||
| 100 | _aDatta, Amal | ||
| 245 |
_aEffects of television and the viewers _cby Amal Datta |
||
| 260 |
_aNew Delhi _bMittal Publication _c2007 |
||
| 270 |
_a4549/9, Daryaganj _bNew Delhi _e110 002 _mmittalp@ndf.vsnl.net.in |
||
| 300 |
_axiv,124 p. _b22cm. (Pbk.) |
||
| 500 | _aincludes index | ||
| 942 |
_adpl _cEN _k302.2345 / DAT _2ddc _h302.2345 _mDAT |
||
| 999 |
_c1030 _d1030 |
||